Dugonics András arcképe 1796. /
Elmentve itt :
| Szerző: | |
|---|---|
| Dokumentumtípus: | Cikk |
| Megjelent: |
1927
|
| Sorozat: | Széphalom
1 |
| Kulcsszavak: | Dugonics András, Művészet |
| Online Access: | http://acta.bibl.u-szeged.hu/20146 |
| LEADER | 00541nab a2200169 i 4500 | ||
|---|---|---|---|
| 001 | acta20146 | ||
| 005 | 20210722152850.0 | ||
| 008 | 161015s1927 hu o 0|| hun d | ||
| 040 | |a SZTE Egyetemi Kiadványok Repozitórium |b hun | ||
| 041 | |a hun | ||
| 100 | 3 | |a Wagner | |
| 245 | 1 | 0 | |a Dugonics András arcképe |h [elektronikus dokumentum] : |b 1796. / |c Wagner |
| 260 | |c 1927 | ||
| 300 | |a 336a | ||
| 490 | 0 | |a Széphalom |v 1 | |
| 695 | |a Dugonics András, Művészet | ||
| 856 | 4 | 0 | |u http://acta.bibl.u-szeged.hu/20146/1/szephalom_001_336a.pdf |z Dokumentum-elérés |